| 000 | 01154nam2a22002411 4500 | ||
|---|---|---|---|
| 001 | RU\NLR\INFOCOMM6\1000360962 | ||
| 005 | 20250616231858.0 | ||
| 035 | _a(NLR Aleph) 002273538 | ||
| 090 |
_a3974927 _c3974927 |
||
| 100 | _a20031124d2000 |||y0rusy50 ca | ||
| 101 | 0 | _arus | |
| 102 | _aRU | ||
| 105 | _ay ||||||||| | ||
| 200 | 0 | _aВып.4 | |
| 210 |
_d2000 _aБ. м. |
||
| 461 | 0 |
_1001RU\NLR\INFOCOMM6\1000360958 _12001#$aУченые записки$fАкад. нар. хозяйства при Правительстве Рос. Федерации. Фак. экон. и социал. наук$vВып.4 _93974906 _aАкадемия народного хозяйства (Москва). Факультет экономических и социальных наук _cМ. _d1998 - _fАкад. нар. хозяйства при Правительстве Рос. Федерации. Фак. экон. и социал. наук _nЭльф К° - пресс _tУченые записки _vВып.4 |
|
| 801 | 1 |
_aRU _bInfoComm _c20031124 |
|
| 801 | 0 |
_aRU _bNLR _gPSBO |
|
| 852 |
_aNLR _jП22/7392 |
||
| 942 | _cISSUE | ||
| 980 | _aNB | ||
| 980 | _aRUSPER | ||